Pisz cyfry od 1 - 50 cięższa wersja w 25 sekund - Statystyki

Ogólne statystyki
  • Ten quiz został rozwiązany 1 044 razy
  • Średni wynik to 36 z 50
Statystyki odpowiedzi
Odpowiedź % Poprawnych
1
100%
2
100%
3
99%
4
99%
5
98%
6
98%
7
97%
8
96%
9
96%
12
93%
10
91%
11
91%
13
91%
14
90%
15
88%
16
87%
18
87%
17
86%
19
85%
20
83%
21
83%
23
83%
22
82%
25
82%
24
81%
26
80%
27
78%
28
77%
29
76%
30
70%
31
67%
32
67%
33
63%
34
61%
35
59%
37
56%
36
55%
38
54%
39
52%
40
43%
41
43%
42
41%
43
40%
44
35%
45
35%
46
32%
47
29%
48
26%
49
26%
50
22%
Nie znaleziono quizów pasujących do podanych kryteriów
Rozkład punktacji
Procent ludzi z każdym wynikiem
Percentyl według liczby udzielonych odpowiedzi
Twoja historia wyników
Nie rozwiązałeś tego quizu